Minnesota County Seats - Statistics

General Stats
  • This quiz has been taken 86 times
  • The average score is 60 of 87
Answer Stats
County County Seat % Correct
Saint Louis Duluth
97%
Hennepin Minneapolis
97%
Beltrami Bemidji
91%
Olmsted Rochester
91%
Ramsey Saint Paul
91%
Blue Earth Mankato
88%
Clay Moorhead
88%
Roseau Roseau
88%
Stearns St. Cloud
88%
Douglas Alexandria
85%
Anoka Anoka
85%
Pipestone Pipestone
85%
Pennington Thief River Falls
85%
Mower Austin
82%
Crow Wing Brainerd
82%
Cook Grand Marais
82%
Koochiching International Falls
82%
Mahnomen Mahnomen
82%
Lake Two Harbors
82%
Nobles Worthington
82%
Aitkin Aitkin
79%
Lake of the Woods Baudette
79%
Becker Detroit Lakes
79%
Otter Tail Fergus Falls
79%
Itasca Grand Rapids
79%
Rice Faribault
76%
Jackson Jackson
76%
Lyon Marshall
76%
Red Lake Red Lake Falls
76%
Washington Stillwater
76%
Wadena Wadena
76%
Winona Winona
76%
Brown New Ulm
73%
Steele Owatonna
73%
Goodhue Red Wing
73%
Waseca Waseca
73%
Faribault Blue Earth
70%
Kittson Hallock
70%
Mille Lacs Milaca
70%
Pine Pine City
70%
Nicollet St. Peter
70%
Kandiyohi Willmar
70%
Freeborn Albert Lea
67%
Carver Chaska
67%
Meeker Litchfield
67%
Stevens Morris
67%
Redwood Redwood Falls
67%
Scott Shakopee
67%
Wilkin Breckenridge
64%
Isanti Cambridge
64%
Carlton Carlton
64%
Polk Crookston
64%
Martin Fairmont
64%
Yellow Medicine Granite Falls
64%
Dakota Hastings
64%
Wabasha Wabasha
64%
Cass Walker
64%
Clearwater Bagley
61%
Wright Buffalo
61%
Sherburne Elk River
61%
McLeod Glencoe
61%
Le Sueur Le Center
61%
Big Stone Ortonville
61%
Norman Ada
58%
Morrison Little Falls
58%
Rock Luverne
58%
Lac qui Parle Madison
58%
Hubbard Park Rapids
58%
Fillmore Preston
58%
Watonwan St. James
58%
Swift Benson
55%
Houston Caledonia
55%
Chisago Center City
55%
Benton Foley
55%
Todd Long Prairie
55%
Sibley Gaylord
52%
Pope Glenwood
52%
Lincoln Ivanhoe
52%
Dodge Mantorville
52%
Chippewa Montevideo
52%
Kanabec Mora
52%
Renville Olivia
52%
Traverse Wheaton
45%
Cottonwood Windom
45%
Grant Elbow Lake
42%
Murray Slayton
42%
Marshall Warren
42%
No matching quizzes found
Score Distribution
Percent of People with Each Score
Percentile by Number Answered
Your Score History
You have not taken this quiz